Germany : Financial System Stability Assessment.

Germany entered COVID-19 with strong public and private sector balance sheets, and large financial buffers. The financial sector has weathered well the shocks related to COVID-19 and the impact of the war has been limited so far. However, financial conditions have tightened recently and risks to the...

Ausführliche Beschreibung

Bibliographische Detailangaben
Körperschaft: International Monetary Fund. Monetary and Capital Markets Department
Format: Zeitschrift
Sprache:English
Veröffentlicht: Washington, D.C. : International Monetary Fund, 2022.
Schriftenreihe:IMF Staff Country Reports; Country Report ; No. 2022/231
Schlagworte:
Online Zugang:Full text available on IMF
LEADER 02060cas a2200289 a 4500
001 AALejournalIMF023142
008 230101c9999 xx r poo 0 0eng d
020 |c 20.00 USD 
020 |z 9798400216886 
022 |a 1934-7685 
040 |a BD-DhAAL  |c BD-DhAAL 
110 2 |a International Monetary Fund.  |b Monetary and Capital Markets Department. 
245 1 0 |a Germany :   |b Financial System Stability Assessment. 
264 1 |a Washington, D.C. :  |b International Monetary Fund,  |c 2022. 
300 |a 1 online resource (76 pages) 
490 1 |a IMF Staff Country Reports 
500 |a <strong>Off-Campus Access:</strong> No User ID or Password Required 
500 |a <strong>On-Campus Access:</strong> No User ID or Password Required 
506 |a Electronic access restricted to authorized BRAC University faculty, staff and students 
520 3 |a Germany entered COVID-19 with strong public and private sector balance sheets, and large financial buffers. The financial sector has weathered well the shocks related to COVID-19 and the impact of the war has been limited so far. However, financial conditions have tightened recently and risks to the economy and the financial system have increased. The main risks relate to an escalation of the war that could be associated with a Russian gas shut off and higher commodity prices, a global resurgence of COVID-19 with extended supply chain disruptions, and de-anchoring of inflation expectations in the U.S. and advanced Europe. Structural vulnerabilities related to persistent low bank profitability and misalignments in the real estate sector prices indicated in the 2016 FSAP remain a concern. 
538 |a Mode of access: Internet 
650 7 |a International Agreements and Observance  |2 imf 
650 7 |a International Organizations  |2 imf 
650 7 |a Monetary Policy  |2 imf 
651 7 |a Germany  |2 imf 
830 0 |a IMF Staff Country Reports; Country Report ;  |v No. 2022/231 
856 4 0 |z Full text available on IMF  |u https://elibrary.imf.org/openurl?genre=journal&issn=1934-7685&volume=2022&issue=231  |z IMF e-Library